000 00731nam a22002177a 4500
005 20120604114217.0
008 120604t xxu||||| |||| 00| 0 eng d
010 _aENG-105415
020 _a9788190939126
_c195.00
035 _aEN-88948
037 _bDBAD/PUB
040 _aDPL
_bEng
082 _aS
100 _aDubey, Divya
_948382
245 _aTurtle Dove :
_cby Divya Dubey
_bsix simple tales /
260 _aDelhi
_bGyanna Books
_c2010
270 _aS-12, Plot No. B-7, Street no. 13, Madhu Vihar Market, Patpadganj
_bDelhi
_e110092
300 _a227p.
_c22cm(pbk)
942 _2ddc
_cEN
_hS
_mDUB
999 _c67454
_d67454